000 00586nam a22001457a 4500
020 _a978-0-143-42090-3
082 _a823
_bDAT/*H
100 _aDATTA,DURJOY
245 _aHOLD MY HAND
260 _aHARYANA
_bPENGUIN RANDOM HOUSE
300 _a195
520 _aThe book, 'Hold My Hand' is a contemporary Indian fiction novel that reflects the true aspects of love. Revolving around the relationship of two youngsters, Deep and Ahana, the story reveals the true power of love and the sacrifices one has to endure for the one they love.
650 _aENGLISH- NOVEL
_zINDIA
942 _cBK
999 _c3115
_d3115